| 000 | 00886nas a2200313 4500 | ||
|---|---|---|---|
| 001 | BR2015000827 | ||
| 003 | BR-BrBNA | ||
| 005 | 20231205125016.0 | ||
| 007 | ta | ||
| 008 | 230509b bl.|||p| |||| 00| 00por d | ||
| 040 |
_aBR-BrBNA _bpor _cBiblioteca Nacional de Agricultura |
||
| 041 | _a(Pt) | ||
| 072 | _aF02 | ||
| 100 | 1 | _aChamolera, F.M. | |
| 100 | 1 | _aSilva, A. de C.C. da | |
| 100 | 1 | _aSabião, R.R. | |
| 100 | 1 | _aCunha, T.P.L. da | |
| 100 | 1 | _aMartins, A.B.G. | |
| 245 | 1 | _aClonagem de canistel por estaquia | |
| 650 | _aFRUTA | ||
| 650 | _aSAPOTACEAE | ||
| 650 | _aCLONAGEM | ||
| 650 | _aENRAIZAMENTO DE ESTACA | ||
| 650 | _aMUDA | ||
| 650 | _aPRODUÇÃO VEGETAL | ||
| 773 | 0 |
_tRevista Brasileira de Fruticultura (Brazil) _xISSN 0100-2945 _g(Sep 2014), v. 36(3) p. 649-654 _wBR2015000827 |
|
| 909 |
_a202311 _bLúcia _c55 _dLúcia Elande |
||
| 942 |
_2AGRIS _n0 _cANA |
||
| 999 |
_c242110 _d242110 |
||